000
00333 a2200157 4500
001
24689
020
_a
9788506071557
040
_c
Anchieta - São Paulo/Itaigara
100
_a
Reynolds, Aaron
240
1
0
_a
Max Mosca
_l
por
245
1
0
_a
Max Mosca
300
_a
96
362
0
_a
2013
650
4
_a
Literatura juvenil
942
_c
BK
999
_c
24689
_d
24689